Communication in organization

Gespeichert in:
Bibliographische Detailangaben
1. Verfasser: Porter, Lyman W.
Format: Buch
Sprache:Undetermined
Veröffentlicht: New York Penguin Books 1977
Schlagworte:
Tags: Tag hinzufügen
Keine Tags, Fügen Sie den ersten Tag hinzu!
Thư viện lưu trữ: Trung tâm Học liệu Trường Đại học Cần Thơ
LEADER 00503nam a2200181Ia 4500
001 CTU_86238
008 210402s9999 xx 000 0 und d
082 |a 658.4 
082 |b P844 
100 |a Porter, Lyman W. 
245 0 |a Communication in organization 
245 0 |c Lyman W. Porter, Karlene H. Roberts 
260 |a New York 
260 |b Penguin Books 
260 |c 1977 
650 |a Communication in organizations 
904 |i Năm 
980 |a Trung tâm Học liệu Trường Đại học Cần Thơ